Indian patent law and practice (Record no. 6444)

MARC details
000 -LEADER
fixed length control field 00546nam a22001937a 4500
003 - CONTROL NUMBER IDENTIFIER
control field OSt
005 - DATE AND TIME OF LATEST TRANSACTION
control field 20220107122849.0
008 - FIXED-LENGTH DATA ELEMENTS--GENERAL INFORMATION
fixed length control field 190530b xxu||||| |||| 00| 0 eng d
020 ## - INTERNATIONAL STANDARD BOOK NUMBER
International Standard Book Number 9780198089605
040 ## - CATALOGING SOURCE
Transcribing agency IIITMK
082 ## - DEWEY DECIMAL CLASSIFICATION NUMBER
Classification number 356.048654 KAN/I
100 ## - MAIN ENTRY--PERSONAL NAME
Personal name Kankanala, Kalyan K
9 (RLIN) 15575
245 ## - TITLE STATEMENT
Title Indian patent law and practice
Statement of responsibility, etc. Kalyan K Kankanala
260 ## - PUBLICATION, DISTRIBUTION, ETC.
Place of publication, distribution, etc. New Delhi,
Name of publisher, distributor, etc. Oxford University Press,
Date of publication, distribution, etc. 2010.
300 ## - PHYSICAL DESCRIPTION
Extent xxiii, 353p.
700 ## - ADDED ENTRY--PERSONAL NAME
Personal name Narasani, Arun K
9 (RLIN) 15576
700 ## - ADDED ENTRY--PERSONAL NAME
Personal name Radhakrishnan, Vinita
9 (RLIN) 15577
942 ## - ADDED ENTRY ELEMENTS (KOHA)
Source of classification or shelving scheme Dewey Decimal Classification
Koha item type Books
Holdings
Withdrawn status Lost status Source of classification or shelving scheme Damaged status Not for loan Collection code Home library Current library Shelving location Date acquired Cost, normal purchase price Total Checkouts Full call number Barcode Date last seen Price effective from Koha item type
    Dewey Decimal Classification     Non Fiction Kerala University of Digital Sciences, Innovation and Technology Knowledge Centre Kerala University of Digital Sciences, Innovation and Technology Knowledge Centre Economics 30/05/2019 349.00   356.048654 KAN/I 5490 03/12/2020 30/05/2019 Books